000 00282nam a2200121Ia 4500
008 191201s2019 xx 000 0 und d
100 _aCDAC
245 0 _aCore and advanced JAVA Black Book
260 _bDream tech
_c2019
300 _a1164
650 _aB.Tech(IT)
942 _2ddc
_cBK
999 _c7041
_d7041